Tesauro de tesis : Facultad de Ciencias de la Conducta : 1999 : actualizador /

Catálogo de las tesis de licenciatura y posgrado presentadas durante 1998 en la Facultad de Ciencias de la Conducta de la Universidad Autónoma del Estado de México. Se trata de una obra de actualización anual del catálogo editado en 1998.

Guardado en:
Detalles Bibliográficos
Autor principal: López Suárez, Adolfo (autor)
Formato: Libro
Idioma:Español
Publicado: Toluca, México : Universidad Autónoma del Estado de México, Facultad de Ciencias de la Conducta, 1999, c1999
Temas:
Etiquetas: Agrega una etiqueta
Sin etiquetas, Sé el primero en etiquetar este registro!

MARC

LEADER 00000nam^a2200000^a^4500
001 000187908
005 20250521000000.0
009 20260310102317.753
037 |a Acervo ITESO - Biblioteca 
041 |a ESP 
082 |a 027. 072523  |b UNI UAEM FCC 1999 
100 |a López Suárez, Adolfo  |e (autor) 
240 1 1 |a [Tesauro de tesis: Facultad de Ciencias de la Conducta] 
245 1 0 |a Tesauro de tesis :  |b Facultad de Ciencias de la Conducta : 1999 : actualizador /  |c A. López Suárez. 
264 4 |a Toluca, México :  |b Universidad Autónoma del Estado de México, Facultad de Ciencias de la Conducta,  |c 1999, c1999 
300 |a 71 p. 
336 |a texto  |b txt  |2 rdacontenido 
337 |a sin mediación  |b n  |2 rdamedio 
338 |a volumen  |b nc  |2 rdasoporte 
520 |a Catálogo de las tesis de licenciatura y posgrado presentadas durante 1998 en la Facultad de Ciencias de la Conducta de la Universidad Autónoma del Estado de México. Se trata de una obra de actualización anual del catálogo editado en 1998. 
649 |a XX 
650 |a Tesis -  |z México (Estado) -  |x Catálogos 
650 |a Psicología -  |x Investigación -  |x Catálogos 
650 |a Psicología -  |z México (Estado) -  |x Estudio y Enseñanza 
650 |a Universidad Autónoma del Estado de México 
650 |a Universidades Públicas -  |z Toluca, México (Estado) 
650 |a Universidades Públicas -  |z México 
650 |a Universidades -  |z Toluca, México (Estado) 
650 |a Universidades -  |z México 
650 |a Instituciones Educativas -  |z Toluca, México (Estado) 
650 |a Instituciones Educativas -  |z México 
650 |a Estudios de Posgrado -  |z Toluca, México (Estado) 
650 |a Estudios de Posgrado -  |z México (Estado) 
650 |a Educación Superior -  |z Toluca, México (Estado) 
650 |a Educación Superior -  |z México 
650 |a Educación Pública -  |z Toluca, México (Estado) 
650 |a Educación Pública -  |z México 
650 |a Bibliotecas Universitarias -  |z Toluca, México (Estado) 
650 |a Catálogos de Bibliotecas -  |z Toluca, México (Estado) 
650 |a Biblioteconomía 
910 |a Fondo General 
920 |a Impresos - Libros 
930 |a Obras de Referencia 
940 |a Biblioteconomía 
905 |a 102 
901 |a 0500130201  |b IT2  |c REF  |u 20250521 
902 |a https://opac.biblio.iteso.mx/vufind/Record/000187908